000 01095nam a22003137a 4500
003 CHAP
005 20220817042513.0
008 971013s1962 r 00010 d
010 _a46538
011 _a47510
035 _a51652
040 _cCHAP
082 _a338.9721
_bU5
110 _aUniversidad Autónoma de Nuevo León. Centro de Investigaciones Económicas
_9116329
245 _aEstructura económica del noreste de México; un análisis regional, 1955
260 _aMonterrey, N.L. :
_bLa Universidad,
_c1962
300 _a246 p.
_b; gráfs.
590 _aBATCH-UPD
_b10
_c20130110
_lUCH01
_h1247
590 _aBATCH-UPD
_b10
_c20130410
_lUCH01
_h0810
590 _aBATCH-UPD
_b10
_c20130914
_lUCH01
_h0953
590 _aCONVERSION
_b10
_c20130109
_lUCH01
_h1325
650 1 4 _aCoahuila
_xCondiciones económicas.
650 1 4 _aNuevo León
_xCondiciones económicas.
_982155
650 1 4 _aPolítica económica.
650 1 4 _aTamaulipas
_xCondiciones económicas.
_9111522
901 _aBK
942 _cLIBRO
949 _a338.9721 U5
_bBC
_cLIBRO
_d33724000436135
_eLIBRO
_h35188
_i51652
_si
999 _c46538
_d46538